<?xml version="1.0" encoding="UTF-8"?><?xml-stylesheet type="text/xsl" href="static/style.xsl"?><OAI-PMH xmlns="http://www.openarchives.org/OAI/2.0/" xmlns:xsi="http://www.w3.org/2001/XMLSchema-instance" xsi:schemaLocation="http://www.openarchives.org/OAI/2.0/ http://www.openarchives.org/OAI/2.0/OAI-PMH.xsd"><responseDate>2026-06-29T01:17:17Z</responseDate><request verb="GetRecord" identifier="oai:docta.ucm.es:20.500.14352/122305" metadataPrefix="marc">https://docta.ucm.es/rest/oai/request</request><GetRecord><record><header><identifier>oai:docta.ucm.es:20.500.14352/122305</identifier><datestamp>2025-07-08T23:47:45Z</datestamp><setSpec>com_20.500.14352_14</setSpec><setSpec>col_20.500.14352_20</setSpec></header><metadata><record xmlns="http://www.loc.gov/MARC21/slim" xmlns:dcterms="http://purl.org/dc/terms/" xmlns:xsi="http://www.w3.org/2001/XMLSchema-instance" xmlns:doc="http://www.lyncode.com/xoai" xsi:schemaLocation="http://www.loc.gov/MARC21/slim http://www.loc.gov/standards/marcxml/schema/MARC21slim.xsd">
   <leader>00925njm 22002777a 4500</leader>
   <datafield ind2=" " ind1=" " tag="042">
      <subfield code="a">dc</subfield>
   </datafield>
   <datafield ind2=" " ind1=" " tag="720">
      <subfield code="a">González Castán, Óscar Lucas</subfield>
      <subfield code="e">author</subfield>
   </datafield>
   <datafield ind2=" " ind1=" " tag="260">
      <subfield code="c">2013</subfield>
   </datafield>
   <datafield ind2=" " ind1=" " tag="520">
      <subfield code="a">In this paper I propose the sketch of an explanatory model to deal with cases of weakness of will that has some advantages in comparison with other well-known and influential theories. The main thesis of this model, of classical inspiration, is that the weak-willed agent should be portrayed as someone who has a sort of divided self. The development of this idea will allow us to place back desire to the central stage in the explanation of this phenomenon. According to this model we do not need to give up the idea that the agent forms and maintains an unconditional intention of doing the action that he finally fails to do, as Davidson’s epistemic version of the phenomenon proposes, but we do no need to rely on the idea that there is a causal gap between intentions and actions, as Searle’s ontological version of it makes us think.</subfield>
   </datafield>
   <datafield ind1="8" ind2=" " tag="024">
      <subfield code="a">González-Castán, Óscar L. (2013). “A Common Mistake on Weakness of Will”, in Proceedings of the XXIII World Congress of Philosophy, vol. 44, pp. 27-31.</subfield>
   </datafield>
   <datafield ind1="8" ind2=" " tag="024">
      <subfield code="a">10.5840/wcp23201844897</subfield>
   </datafield>
   <datafield ind1="8" ind2=" " tag="024">
      <subfield code="a">https://hdl.handle.net/20.500.14352/122305</subfield>
   </datafield>
   <datafield ind1="8" ind2=" " tag="024">
      <subfield code="a">https://www.pdcnet.org/wcp23/content/wcp23_2018_0044_0027_0031</subfield>
   </datafield>
   <datafield ind2="0" ind1="0" tag="245">
      <subfield code="a">A common mistake on weakness of will</subfield>
   </datafield>
</record></metadata></record></GetRecord></OAI-PMH>